In the Valley of Shadows/ (Record no. 81583)
[ view plain ]
| 000 -LEADER | |
|---|---|
| fixed length control field | 00614nam a22001937a 4500 |
| 005 - DATE AND TIME OF LATEST TRANSACTION | |
| control field | 20131230162923.0 |
| 010 ## - LCCN (DPL NO) | |
| LC control number | B-495001-002 |
| 020 ## - INTERNATIONAL STANDARD BOOK NUMBER | |
| International Standard Book Number | 9788183281843 |
| Terms of availability | 245.00 |
| 035 ## - SYSTEM CONTROL NUMBER | |
| System control number | B-495001-002 |
| 037 ## - SOURCE OF ACQUISITION | |
| Stock number | dpl |
| Source of stock number/acquisition | BBB/Ven |
| 082 ## - DEWEY DECIMAL CLASSIFICATION NUMBER | |
| Classification number | N |
| 100 ## - MAIN ENTRY--PERSONAL NAME | |
| Personal name | Sapru, Abhay Narayan |
| 245 ## - TITLE STATEMENT | |
| Title | In the Valley of Shadows/ |
| Statement of responsibility, etc | by Abhay Narayan Sapru |
| 260 ## - PUBLICATION, DISTRIBUTION, ETC. (IMPRINT) | |
| Place of publication, distribution, etc | Wisdom Tree |
| Name of publisher, distributor, etc | New Delhi |
| Date of publication, distribution, etc | 2011 |
| 270 ## - ADDRESS | |
| Address | 4779/23, Ansari Road, Darya Ganj |
| City | New Delhi |
| Postal code | 110002 |
| 300 ## - PHYSICAL DESCRIPTION | |
| Extent | 170p. |
| Dimensions | 18cm(pbk) |
| 942 ## - ADDED ENTRY ELEMENTS (KOHA) | |
| Source of classification or shelving scheme | Dewey Decimal Classification |
| Item type | English Books |
| Classification part | N |
| Call number suffix | SAP |
| Withdrawn status | Lost status | Not for loan | Collection code | Home library | Current library | Date acquired | Source of acquisition | Cost, normal purchase price | Full call number | Barcode | Copy number | Cost, replacement price | Koha item type |
|---|---|---|---|---|---|---|---|---|---|---|---|---|---|
| Fiction | Bawana | Bawana | 30/12/2013 | BBB/10341/11.03.2013/168/08.03.2013/15.03.2013 | 245.00 | N SAP | B-495001 | 1 | 245.00 | English Books | |||
| Fiction | Shahdara Branch | Shahdara Branch | 30/12/2013 | BBB/10341/11.03.2013/168/08.03.2013/15.03.2013 | 245.00 | N SAP | B-495002 | 1 | 245.00 | English Books |
